[Event "12th Poti Open 2017"]
[Site "Poti GEO"]
[Date "2017.07.17"]
[Round "4.12"]
[White "Muradli,Mahammad"]
[Black "Eynullayev,Altay"]
[Result "1-0"]
[WhiteElo "2334"]
[BlackElo "2271"]

1.d4 Nf6 2.c4 e6 3.Nf3 c5 4.d5 exd5 5.cxd5 d6 6.Nc3 g6 7.Bf4 a6 8.a4 Bg7
9.h3 O-O 10.e3 Qe7 11.Be2 Nbd7 12.O-O Ne8 13.Nd2 Ne5 14.Qb3 Nc7 15.a5 Rb8
16.Bh2 f5 17.Rae1 Qf6 18.f4 Nf7 19.Kh1 Re8 20.e4 Qd4 21.Nc4 fxe4 22.f5 Bxf5
23.Nxd6 Nxd6 24.Bxd6 Rbc8 25.Bxc7 Rxc7 26.d6+ c4 27.Qa4 Rc6 28.Rd1 Qe5 29.Bxc4+ Kh8
30.Bd5 Rxd6 31.Bxb7 Rxd1 32.Rxd1 e3 33.Ne2 Rf8 34.Qc6 Qxa5 35.g4 Bxb2 36.gxf5 Qxf5
37.Qg2 a5 38.Ng1 Qf6 39.Bc6 Bc3 40.Bb5 Qe5 41.Be2 Bd2 42.Rf1 Rxf1 43.Bxf1 Qf4
44.Nf3 Qe4 45.Be2 Qb1+ 46.Ng1 Kg7 47.Qg5 Qf5 48.Qh4 Qf6 49.Qe4 Qf5 50.Qc4 Qf7
51.Qd4+ Qf6 52.Qa4 Qf5 53.Qc6 Qf6 54.Qc7+ Qf7 55.Qg3 Qf2 56.Qg4 Qf5 57.Qa4 h6
58.Qd4+ Qf6 59.Qg4 Qf5 60.Qa4 Qe6 61.Kg2 Qf5 62.Nf3 Qd5 63.Qf4 Qf5 64.Qa4 Qe6
65.Bc4 Qe7 66.Qb5 Qf8 67.Qd7+ Kh8 68.Qd4+ Kh7 69.Qh4 Kg7 70.Qd4+ Kh7 71.h4 Qe7
72.Qd5 Qf8 73.Qe6 Kg7 74.Qd7+ Kh8 75.Bd3 Qg7 76.Qg4 Qf6 77.Qc8+ Kg7 78.Bc4 Qf8
79.Qd7+ Kh8 80.Bd3 Qg7 81.Qe6 Qg8 82.Qd6 Qg7 83.Ne5 Bb4 84.Qd8+ Qg8 85.Nxg6+ Kg7
86.Qd4+ Kh7 87.Kf3 Qa8+ 88.Be4 e2 89.Ne7+  1-0

[Event "TCh-TUR 2nd League 2017"]
[Site "Konya TUR"]
[Date "2017.07.18"]
[Round "2.4"]
[White "Demiroglu,Arsen"]
[Black "Aytekin,Murat Eren"]
[Result "1-0"]
[WhiteElo "1692"]
[BlackElo "2201"]

1.d4 Nf6 2.c4 c5 3.d5 e6 4.Nc3 exd5 5.cxd5 d6 6.Nf3 g6 7.g3 Bg7 8.Bg2 O-O
9.O-O b6 10.Bf4 Ba6 11.Re1 b5 12.a4 b4 13.Nb5 Ne8 14.e4 Bxb5 15.axb5 Bxb2
16.Ra2 Bc3 17.Ree2 Nd7 18.e5 dxe5 19.Nxe5 Bxe5 20.Bxe5 Nxe5 21.Rxe5 Nd6 22.Ra6 Rb8
23.Rxa7 Nxb5 24.Rae7 c4 25.h4 b3 26.h5 Nc3 27.Qd4 b2 28.h6 b1=Q+ 29.Re1 f6
30.Rg7+ Kh8 31.Qa7 Qxe1+ 32.Kh2  1-0

[Event "92nd ch-Paris IdF 2017"]
[Site "Paris FRA"]
[Date "2017.07.18"]
[Round "5.16"]
[White "Thorarinsson,P"]
[Black "Justo,D"]
[Result "1-0"]
[WhiteElo "2248"]
[BlackElo "2300"]

1.d4 Nf6 2.c4 e6 3.Nf3 c5 4.d5 exd5 5.cxd5 d6 6.Nc3 a6 7.a4 g6 8.Nd2 Nbd7
9.e4 Bg7 10.Be2 O-O 11.O-O Re8 12.Qc2 b6 13.Nc4 Ne5 14.Na3 Nh5 15.Bxh5 gxh5
16.Bf4 Ng6 17.Be3 Rb8 18.Nc4 Kh8 19.Rae1 b5 20.Nd2 Rg8 21.f4 f5 22.Nf3 Rf8
23.Ng5 b4 24.Ne2 fxe4 25.Ne6 Bxe6 26.dxe6 Qf6 27.f5 Ne7 28.Ng3 Qxb2 29.Qxe4 Qe5
30.Bg5 Qxe4 31.Nxe4 Nxf5 32.e7 Bd4+ 33.Kh1 Rf7 34.Rxf5 Rxf5 35.Nxd6 Rxg5
36.Nf7+ Kg8 37.Nd8 Bf6  1-0

[Event "ch-CHN GpB Men 2017"]
[Site "Qinhuangdao CHN"]
[Date "2017.07.18"]
[Round "6.12"]
[White "Yang,Yuhang"]
[Black "Zou,Chen"]
[Result "1/2-1/2"]
[WhiteElo "1859"]
[BlackElo "2328"]

1.d4 Nf6 2.c4 e6 3.Nf3 c5 4.d5 exd5 5.cxd5 d6 6.Nc3 g6 7.h3 Bg7 8.e4 O-O
9.Bd3 Re8 10.O-O c4 11.Bxc4 Nxe4 12.Nxe4 Rxe4 13.Bd3 Re8 14.Re1 Nd7 15.Bg5 Rxe1+
16.Qxe1 Bf6 17.Bxf6 Nxf6 18.Qd2 Kg7 19.Bc4 Bd7 20.Re1 Qc7 21.Bb3 Rc8 22.Ng5 h6
23.Ne4 Nxe4 24.Rxe4 Qc1+ 25.Qxc1 Rxc1+ 26.Kh2 Kf8 27.Kg3 b5 28.a3 a5 29.Rd4 Ke7
30.Rd1 Rc5 31.Rd2 Bc8 32.Bd1 Bb7 33.Bf3 Kf6 34.Kf4 Rc4+ 35.Ke3 Ke5 36.g3 Rc5
37.Rd3 a4 38.Rd4 Bxd5 39.Be2 Ke6 40.f4 f5 41.g4 Bc4 42.Bf3 Bf1 43.h4 Bh3
44.g5 hxg5 45.hxg5 Bf1 46.Rd1 Bc4 47.Rd2 Rc8 48.Rh2 Bd5 49.Rh6 Rg8 50.Bh5 Kf7
51.Rh7+ Kf8 52.Be2 Bc6  1/2-1/2

[Event "ch-CHN GpB Men 2017"]
[Site "Qinhuangdao CHN"]
[Date "2017.07.18"]
[Round "6.8"]
[White "Zhang,Ziji"]
[Black "Liu,Zhaoqi"]
[Result "1/2-1/2"]
[WhiteElo "2394"]
[BlackElo "2128"]

1.d4 Nf6 2.c4 c5 3.d5 e6 4.Nc3 exd5 5.cxd5 d6 6.Nf3 g6 7.Bf4 Bg7 8.Qa4+ Bd7
9.Qb3 b5 10.Bxd6 Qb6 11.Be5 O-O 12.e3 c4 13.Qd1 b4 14.Nb1 Rc8 15.Nbd2 Bb5
16.Rc1 c3 17.bxc3 Bxf1 18.Kxf1 Nxd5 19.Bxg7 Kxg7 20.cxb4 Nd7 21.g3 Qxb4 22.Kg2 N7f6
23.Qb3 a5 24.Qd3 Rc3 25.Rxc3 Qxc3 26.Qb1 Rc8 27.Nb3 Qc2 28.Nbd2 Qxb1 29.Rxb1 Rc2
30.a3 g5 31.h3 h5 32.g4 hxg4 33.hxg4 Nxg4 34.Rb5 Ngf6 35.Nf1 Ne4 36.Nxg5 Nxg5
37.Rxd5 Ne4 38.Kf3 Nc5 39.Ng3 a4 40.Nf5+ Kf6 41.Nd4 Rc1 42.Ke2 Nb3 43.Nxb3 axb3
44.Rb5 Rc2+ 45.Kd3 Rxf2 46.Rxb3 Ra2 47.Kc4 Ke7 48.Rd3 f5 49.Kb5 Rb2+ 50.Kc4 Rf2
51.a4 f4 52.exf4 Rxf4+ 53.Kb5 Rf1 54.a5 Rb1+ 55.Kc6 Rc1+ 56.Kb7 Rb1+ 57.Ka7 Ra1
58.a6 Rb1 59.Rh3 Kd7 60.Rh7+ Kc8 61.Rb7 Ra1 62.Rb2 Ra3 63.Rb4 Ra1 64.Rc4+ Kd7
65.Rc2 Ra3 66.Rc5 Ra1 67.Kb6 Rb1+ 68.Rb5 Rxb5+ 69.Kxb5 Kc7 70.Kc5 Kb8 71.a7+ Kxa7  1/2-1/2

[Event "10th Paleochora Open 2017"]
[Site "Paleochora GRE"]
[Date "2017.07.19"]
[Round "1.8"]
[White "Koerant,F"]
[Black "Nikolov,Mo"]
[Result "0-1"]
[WhiteElo "1853"]
[BlackElo "2561"]

1.d4 Nf6 2.c4 e6 3.Nc3 c5 4.d5 exd5 5.cxd5 d6 6.Nf3 a6 7.a4 g6 8.Nd2 Nbd7
9.Nc4 Nb6 10.Na3 Bd7 11.Bg5 Bg7 12.Qd2 Bxa4 13.Nxa4 Nxa4 14.Qe3+ Kf8 15.Nc4 b5
16.g3 h6 17.Bf4 bxc4 18.Rxa4 g5 19.Bg2 gxf4 20.gxf4 Nd7 21.O-O Nb6 22.Ra2 a5
23.Kh1 Qh4 24.Qd2 a4 25.e4 h5 26.Ra3 c3 27.Rxc3 Bxc3 28.Qxc3 Rg8 29.f5 Qf4
30.f3 Nd7 31.b4 a3 32.bxc5 Nxc5 33.Ra1 a2 34.Qc2 Qe5  0-1

[Event "12th Poti Open 2017"]
[Site "Poti GEO"]
[Date "2017.07.19"]
[Round "6.13"]
[White "Arabidze,M"]
[Black "Eynullayev,Altay"]
[Result "1-0"]
[WhiteElo "2384"]
[BlackElo "2271"]

1.d4 Nf6 2.c4 e6 3.Nf3 c5 4.d5 exd5 5.cxd5 d6 6.Nc3 g6 7.Bf4 a6 8.a4 Bg7
9.h3 O-O 10.e3 Qe7 11.Be2 Nbd7 12.O-O Rb8 13.Qb3 Ne8 14.Nd2 Nc7 15.Nde4 Ne5
16.Qb6 Ne8 17.Bxe5 Bxe5 18.Bxa6 Qh4 19.f4 Bxc3 20.bxc3 Qe7 21.Nf2 Nf6 22.Bc4 Bf5
23.Rfe1 Ne4 24.Qb2 Nxf2 25.Qxf2 Qe4 26.Qe2 Rfe8 27.Bb5 Re7 28.Rad1 Kg7 29.Qa2 Ra8
30.Rd2 Ra5 31.Qb2 h6 32.c4+ f6 33.Qc3 Ra8 34.a5 Bd7 35.Bxd7 Rxd7 36.Rb2 Re8
37.Rb6 Kf7 38.Re2 Ree7 39.Rb3 Re8 40.Reb2 Ree7 41.Qc2 Qxc2 42.Rxc2 f5 43.Rcb2 Ke8
44.Kf2 Kf7 45.Rb6 Kf6 46.Kf3 Kf7 47.R2b5 Ke8 48.g3 Kf7 49.g4 Ke8 50.Rb3 Kf7
51.R3b5 Ke8 52.Ke2  1-0

[Event "TCh-TUR 2nd League 2017"]
[Site "Konya TUR"]
[Date "2017.07.20"]
[Round "6.10"]
[White "Kaya,Sila"]
[Black "Gulceken,Sumeyye"]
[Result "1/2-1/2"]
[WhiteElo "1261"]
[BlackElo "1469"]

1.d4 Nf6 2.c4 c5 3.d5 e6 4.Nc3 exd5 5.cxd5 d6 6.Nf3 g6 7.Bg5 Bg7 8.e4 a6
9.a4 Bg4 10.h3 Bxf3 11.Qxf3 Nbd7 12.Bd3 Ne5 13.Qe2 h6 14.Bf4 Nfd7 15.O-O Qe7
16.Bg3 Nxd3 17.Qxd3 Bd4 18.Qc2 O-O 19.Ne2 Be5 20.f4 Bg7 21.Rae1 b5 22.a5 Rfe8
23.Nc3 Qf8 24.Re2 c4 25.Rfe1 Nc5 26.Nd1 Nd3 27.Rf1 f5 28.Nf2 Nxb2 29.e5 Na4
30.Rfe1 Nc5 31.Kh1 dxe5 32.fxe5 f4 33.Bh2 f3 34.Re3 fxg2+  1/2-1/2

[Event "TCh-TUR 2nd League 2017"]
[Site "Konya TUR"]
[Date "2017.07.21"]
[Round "7.4"]
[White "Ozcelik,Ali Kaan"]
[Black "Gazioglu,H"]
[Result "1/2-1/2"]
[WhiteElo "1911"]
[BlackElo "1922"]

1.d4 Nf6 2.c4 c5 3.d5 e6 4.Nc3 exd5 5.cxd5 d6 6.Nf3 g6 7.Bf4 Bg7 8.h3 O-O
9.e3 a6 10.a4 Re8 11.Be2 Nbd7 12.O-O Qb6 13.Ra2 Rb8 14.Nd2 Bf8 15.Nc4 Qc7
16.b3 Nb6 17.Nb2 Nbd7 18.Bg3 b6 19.Nc4 Bb7 20.Qd3 Ne5 21.Nxe5 dxe5 22.e4 Bd6
23.Nb1 Nd7 24.Nd2 b5 25.Qc2 c4 26.axb5 axb5 27.bxc4 b4 28.Nb3 Nc5 29.Rfa1 Qb6
30.Ra5 Ra8 31.Rxa8 Bxa8 32.Nxc5 Bxc5 33.Qa4 Rc8 34.Bg4 Rf8 35.Bxe5 Bxf2+
36.Kh1 Bd4 37.Bxd4 Qxd4 38.Rb1 f5 39.exf5 Qxc4 40.Qxb4 Qxd5 41.Bf3 Qxf5 42.Bxa8 Rxa8
43.Qc4+ Qf7 44.Qxf7+ Kxf7  1/2-1/2

[Event "12th Poti Open 2017"]
[Site "Poti GEO"]
[Date "2017.07.21"]
[Round "8.9"]
[White "Muradli,Mahammad"]
[Black "Benidze,D"]
[Result "1-0"]
[WhiteElo "2334"]
[BlackElo "2515"]

1.d4 Nf6 2.c4 c5 3.d5 e6 4.Nc3 exd5 5.cxd5 d6 6.Nf3 g6 7.Bf4 Bg7 8.h3 O-O
9.e3 Na6 10.Bxa6 bxa6 11.O-O Rb8 12.Qc1 Bf5 13.Nd2 Bd3 14.Rd1 Nxd5 15.Nxd5 Bxb2
16.Nc4 Bxc1 17.Rxd3 Bb2 18.Rad1 Rb7 19.Rb1 Qa8 20.Rxb2 Rxb2 21.Nxb2 Qb7 22.Rd2 Qb5
23.Bxd6 Rd8 24.Be5 Kf8 25.Bc3 f5 26.f3 Kf7 27.e4 Qb8 28.Nd3 Re8 29.Rb2 Qc8
30.Ne5+ Ke6 31.Nf4+ Ke7 32.Nc4 Rd8 33.Re2 fxe4 34.Rxe4+ Kf7 35.Ne5+ Kg8 36.Ng4 Rd6
37.Be5 Rd8 38.Bf6 Re8 39.Be5 Kf7 40.Nh6+ Kf8 41.Ng4 Qc6 42.Ne2 Re6 43.Nc3 h5
44.Ne3 g5 45.Ned5 Kf7 46.h4 gxh4 47.Rf4+ Kg6 48.Rf6+ Rxf6 49.Bxf6 Kf7 50.Bxh4 Qe6
51.a4 Qe5 52.Bf2 c4 53.g3 Qf5 54.Nf4 h4 55.Kg2 h3+ 56.Kh2 Qc2 57.Nfe2 Qd3
58.Kxh3 Qxf3 59.Bd4 Kg6 60.Kh2 Kf5 61.Kg1 Kg4 62.Bf2 Qb7 63.Kf1 Qh1+ 64.Ng1 Kf5
65.Ke2 Qh8 66.Kd2 Qh2 67.Ke1 Qh6 68.Nge2 Kg4 69.Bxa7 Kf3 70.Bd4 Qh7 71.a5 Qd3
72.Bb6 Qd7 73.Bd4 Qh7 74.Bb6 Kg2 75.Kd2 Qd3+ 76.Kc1 Kf1 77.Kb2 Qd2+ 78.Ka3 Qd6+
79.Ka4 Qe7 80.Nf4 Ke1 81.Be3 Qb7 82.Bb6 Kd2 83.Nfd5 Qg7 84.Kb4 Kd3 85.Nf4+ Kc2
86.Nfe2 Qg8 87.Kc5 Kb3 88.Kc6 Qf7 89.Bc5 Qh5 90.Kb6 Qg5 91.Bd6 Qf6 92.Ne4 Qd8+
93.Bc7 Qc8 94.N2c3 Kb4 95.Bd6+ Kb3 96.g4 Kc2 97.g5 Kd3 98.g6 Qg8 99.Kxa6 Qxg6
100.Kb6 Qg1+ 101.Kb7 Qg7+ 102.Bc7 Qe7 103.a6 Qb4+ 104.Kc6 Qa3 105.Kb7 Qb4+
106.Kc6 Qa3 107.Bb6 Qxa6 108.Nc5+ Kxc3 109.Nxa6 Kd2 110.Ba5+ c3 111.Nc5 Ke3
112.Bxc3 Kf2 113.Kd5 Kf3 114.Ke5 Ke3 115.Bd4+ Kf3 116.Kf5 Kg3 117.Be3 Kf3
118.Bf4 Kg2 119.Ke4 Kf2 120.Nd3+ Kg2 121.Ke3 Kh1 122.Kf3 Kg1 123.Nf2 Kf1
124.Bh2 Ke1 125.Ne4 Kd1 126.Ke3 Kc2 127.Nd2 Kc3 128.Bd6 Kc2 129.Bb4 Kd1 130.Kd3 Ke1
131.Bc5 Kd1 132.Bf2  1-0

[Event "ch-CHN GpB Women 2017"]
[Site "Qinhuangdao CHN"]
[Date "2017.07.21"]
[Round "11.4"]
[White "Zhang,Xiao"]
[Black "Hu,Yu A."]
[Result "1/2-1/2"]
[WhiteElo "1954"]
[BlackElo "2053"]

1.d4 Nf6 2.c4 c5 3.d5 e6 4.Nc3 exd5 5.cxd5 d6 6.Nf3 g6 7.Nd2 Bg7 8.e4 O-O
9.Be2 Na6 10.O-O Nc7 11.Kh1 Re8 12.a4 b6 13.f3 Rb8 14.Nb5 a6 15.Na7 Bd7 16.Nc4 Bf8
17.Bf4 Nh5 18.Bxd6 Bxd6 19.Nxd6 Bxa4 20.Rxa4 Qxd6 21.Nc6 Ra8 22.f4 b5 23.Ra1 Rxe4
24.Bxh5 gxh5 25.Qxh5 Nxd5 26.Ne5 Qe6 27.Rf3 Nxf4 28.Rg3+ Ng6 29.Nf3 Qf6 30.Ng5 Rh4
31.Qe2 Rd8 32.Rf1 Rf4 33.Nf3 Qe6 34.Qf2 Qc4 35.h4 Rd5 36.Ra1 Rf6 37.Qe3 Kg7
38.Rh3 Re6 39.Qf2 Re2 40.Qg3 Qf4 41.Rxa6 Qxg3 42.Rxg3 Rxb2 43.Ng5 Rb1+ 44.Kh2 Rd4
45.Nf3 Rd5 46.Ng5 Rdd1 47.Rf3 Rf1 48.Rd3 Nxh4 49.Rd7 Ng6 50.Ne6+ Kh6 51.Nxc5 Kg5
52.Kg3 h5 53.Rd5+ f5 54.Ne4+ Kh6 55.Nf2 h4+ 56.Kh2 Kg5 57.Rdd6 Nf4 58.Rd8  1/2-1/2

[Event "TCh-TUR 2nd League 2017"]
[Site "Konya TUR"]
[Date "2017.07.23"]
[Round "9.12"]
[White "Ozkara,Hasan Can"]
[Black "Kayaman,M"]
[Result "1-0"]
[WhiteElo "1788"]
[BlackElo "1810"]

1.d4 Nf6 2.Nf3 e6 3.c4 c5 4.d5 exd5 5.cxd5 d6 6.Nc3 g6 7.Nd2 a6 8.a4 Nbd7
9.Nc4 Nb6 10.e4 Bg7 11.Be2 Nxc4 12.Bxc4 O-O 13.O-O Re8 14.f3 Nh5 15.g4 Nf6
16.Bf4 h5 17.h3 hxg4 18.hxg4 Nd7 19.Qe1 Qf6 20.Be3 Ne5 21.Be2 g5 22.Qd2 Bh6
23.Rae1 Ng6 24.Bc4 Qe5 25.Qh2 Qxh2+ 26.Kxh2 Nf4 27.Kg3 Ng6 28.Rh1 Nh4 29.Kf2 Kg7
30.Bd2 Ng6 31.Rh5 Ne5 32.Be2 f6 33.Reh1 Nf7 34.Nd1 Bd7 35.Ne3 b5 36.axb5 axb5
37.Bxb5 Bxb5 38.Nf5+ Kg6 39.Nxh6 Rh8 40.Nf5 Rxh5 41.gxh5+ Kh7  1-0

[Event "10th Paleochora Open 2017"]
[Site "Paleochora GRE"]
[Date "2017.07.23"]
[Round "6.16"]
[White "Rychagov,A"]
[Black "Balokas,D2"]
[Result "1-0"]
[WhiteElo "2536"]
[BlackElo "2213"]

1.d4 Nf6 2.c4 e6 3.Nf3 c5 4.d5 exd5 5.cxd5 d6 6.Nc3 g6 7.Bf4 a6 8.Nd2 b5
9.a4 b4 10.Nce4 Nh5 11.Be3 f5 12.g4 Nf6 13.gxf5 Bxf5 14.Bg2 Bg7 15.Nxf6+ Qxf6
16.Nc4 O-O 17.Qd2 Nd7 18.Bg5 Qd4 19.Rc1 Qg4 20.O-O Rae8 21.f3 Qh5 22.e4 Bh3
23.Nxd6 Bxg2 24.Qxg2 Bxb2 25.Rcd1 Be5 26.Nxe8 Bxh2+ 27.Kf2 h6 28.Nf6+ Nxf6
29.Bxf6 Rxf6 30.Rh1 Qh4+ 31.Ke2 Qg3 32.Rxh2  1-0

[Event "28th Czech Open B 2017"]
[Site "Pardubice CZE"]
[Date "2017.07.23"]
[Round "3.4"]
[White "Mulenko,A"]
[Black "Gantar,J"]
[Result "0-1"]
[WhiteElo "2050"]
[BlackElo "2206"]

1.d4 Nf6 2.c4 c5 3.d5 e6 4.Nc3 exd5 5.cxd5 d6 6.Nf3 g6 7.Bf4 Bg7 8.Qa4+ Bd7
9.Qb3 Qc7 10.e4 O-O 11.Nd2 Nh5 12.Be3 f5 13.exf5 Bxf5 14.Be2 Nf6 15.O-O Nbd7
16.Nc4 a6 17.a4 Ng4 18.Bd2 Nde5 19.h3 Nxc4 20.Bxc4 Ne5 21.Nd1 Bxh3 22.Qxh3 Nxc4
23.Bc3 Qc8 24.Qh4 Ne5 25.Ne3 b5 26.axb5 axb5 27.Rxa8 Qxa8 28.Qe7 b4 29.Bxe5 Bxe5
30.Nc4 Qxd5 31.Nb6 Qf7 32.Qh4 Rb8 33.Nc4 Qf4 34.Qxf4 Bxf4 35.g3 Be5 36.Nxe5 dxe5
37.Re1 Re8 38.Rc1 Rc8 39.Re1 c4 40.Rxe5 c3 41.bxc3 bxc3 42.Re1 Kf7 43.Kf1 Kf6
44.Rc1 Ke5 45.Ke2 Kd4 46.Ra1 Re8+ 47.Kd1 Kd3 48.Ra3 g5 49.Ra2 h5 50.f3 Rb8
51.Kc1 h4 52.gxh4 gxh4 53.Rh2 Ra8 54.Kb1 c2+ 55.Kb2 Rb8+  0-1

[Event "28th Czech Open B 2017"]
[Site "Pardubice CZE"]
[Date "2017.07.23"]
[Round "3.16"]
[White "Ragaa,H"]
[Black "Dzubasz,T"]
[Result "0-1"]
[WhiteElo "1982"]
[BlackElo "2067"]

1.d4 Nf6 2.c4 c5 3.d5 e6 4.Nc3 exd5 5.cxd5 d6 6.Nf3 g6 7.Bf4 Nh5 8.Bg5 Qa5
9.Qb3 a6 10.g4 Ng7 11.Nd2 b5 12.Nce4 f5 13.gxf5 gxf5 14.Bh3 Nd7 15.Nf6+ Nxf6
16.Bxf6 Kf7 17.Bc3 Qa4 18.Qxa4 bxa4 19.Nc4 Rg8 20.O-O-O Nh5 21.Nb6 Nf4 22.Nxa8 Nxh3
23.Nb6 Nxf2 24.Rhg1 Nxd1 25.Rxg8 Kxg8 26.Kxd1 Bb7 27.Kc2 Kf7 28.Kd3 Kg6 29.e4 Kg5
30.e5 Be7 31.e6 Kg4 32.Ke3 Bg5+ 33.Kd3 Kf3 34.Be1 h5 35.Bd2  0-1

[Event "43rd Sitges Open 2017"]
[Site "Sitges ESP"]
[Date "2017.07.23"]
[Round "2.10"]
[White "Vantika,Agrawal"]
[Black "Fernandez,Fe"]
[Result "0-1"]
[WhiteElo "2230"]
[BlackElo "2424"]

1.d4 Nf6 2.Nf3 e6 3.c4 c5 4.d5 exd5 5.cxd5 d6 6.Nc3 g6 7.g3 Bg7 8.Bg2 O-O
9.O-O a6 10.a4 Nbd7 11.Bf4 Qe7 12.h3 Rb8 13.a5 Nh5 14.Bg5 f6 15.Bd2 f5 16.Bg5 Nhf6
17.Qd2 b5 18.axb6 Nxb6 19.b3 Re8 20.Rac1 Qf8 21.Rfe1 h6 22.Bxf6 Bxf6 23.e4 a5
24.exf5 Bxf5 25.g4 Bd7 26.Ne4 Bg7 27.Ng3 a4 28.Rxe8 Rxe8 29.bxa4 Nxa4 30.Rc4 Qf6
31.g5 hxg5 32.Nxg5 Rf8 33.h4 Qb2 34.Qe1 Bd4 35.Rxd4 Qxd4 36.Qe7 Rxf2 37.Qh7+ Kf8
38.Qh6+ Ke7 39.Kh1 Qd1+ 40.Kh2 Qc2 41.Qg7+ Kd8 42.Ne6+ Bxe6 43.dxe6 Rxg2+
44.Kh3 Rh2+ 45.Kg4 Qc4+  0-1

[Event "10th Paleochora Open 2017"]
[Site "Paleochora GRE"]
[Date "2017.07.25"]
[Round "8.10"]
[White "Rychagov,A"]
[Black "Kourkoulos Arditis,Stamatis"]
[Result "1/2-1/2"]
[WhiteElo "2536"]
[BlackElo "2343"]

1.d4 Nf6 2.c4 c5 3.d5 e6 4.Nc3 exd5 5.cxd5 d6 6.Nf3 g6 7.Nd2 Bg7 8.e4 O-O
9.Be2 Re8 10.O-O Nbd7 11.a4 a6 12.Qc2 Ne5 13.Ra3 Bg4 14.f3 Bd7 15.h3 g5 16.f4 gxf4
17.Rxf4 c4 18.Nxc4 Nxc4 19.Bxc4 Rc8 20.Qd3 Nh5 21.Rf1 Qb6+ 22.Be3 Qxb2 23.Rb3 Qxb3
24.Bxb3 Rxc3 25.Qd1 Ng3 26.Rf3 Nxe4 27.Bf4 b5 28.axb5 axb5 29.Kh2 b4 30.Bc2 Bf5
31.Rxc3 Nxc3 32.Qd2 Re2 33.Bxf5 Rxd2 34.Bxd2 Nxd5 35.Be4 Nc3 36.Bxc3 Bxc3
37.Bd5 Be5+ 38.g3 Kg7 39.Kg2 f5 40.Kf3 Kf6 41.g4 h6 42.gxf5 Kxf5 43.h4 Bf6
44.h5 Ke5 45.Bf7 Kd4 46.Ke2 Bg5 47.Be6 Kc3 48.Kd1 b3 49.Bf7 Kb2 50.Be6 Bf6
51.Bf7 Kc3 52.Be6 b2 53.Bf5 Kd4 54.Ke2 Ke5 55.Bg6 Kf4 56.Bh7 Bc3 57.Bc2 Kg5
58.Bg6 Kg4 59.Kf2 d5 60.Ke2 d4 61.Kf2 Bd2 62.Ke2 Be3 63.Ke1 Kf3 64.Kd1 Bc1
65.Bf5 Kf4 66.Bg6 Kg4 67.Ke2 Bf4 68.Kf2 Bg3+ 69.Ke2 Bd6 70.Kf2 Bc5 71.Ke2 Bb6
72.Kd2 d3 73.Bxd3 Kxh5 74.Kc3 Kg4  1/2-1/2

[Event "26th TCh-MKD 2017"]
[Site "Ohrid MKD"]
[Date "2017.07.26"]
[Round "3.2"]
[White "Kryvoruchko,Y"]
[Black "Nikolovski,Nikola"]
[Result "1-0"]
[WhiteElo "2692"]
[BlackElo "2383"]

1.d4 Nf6 2.c4 c5 3.d5 e6 4.Nc3 exd5 5.cxd5 d6 6.Nf3 g6 7.Bf4 a6 8.a4 Bg7
9.h3 O-O 10.e3 Ne8 11.Be2 Nd7 12.O-O Qe7 13.Nd2 f5 14.a5 Ne5 15.Na4 g5 16.Bxe5 Bxe5
17.Nb6 Rb8 18.Ndc4 Nc7 19.Qd2 f4 20.Bf3 Bf5 21.e4 Bg6 22.Nxe5 dxe5 23.d6 Qd8
24.Rfd1 Ne6 25.Qd5 Bf7 26.Qxe5 Nd4 27.Rxd4 cxd4 28.Qxd4 Be6 29.e5 Qe8 30.Rc1 Rd8
31.Rc7 h5 32.Bd5 Qg6 33.Bxe6+ Qxe6 34.Nd5 g4 35.Nxf4 Qh6 36.g3 h4 37.Qd5+ Kh8
38.Qe6  1-0

[Event "10th Paleochora Open 2017"]
[Site "Paleochora GRE"]
[Date "2017.07.26"]
[Round "9.9"]
[White "Kharitonov,Alexandr"]
[Black "Worek,J"]
[Result "1-0"]
[WhiteElo "2558"]
[BlackElo "2272"]

1.d4 Nf6 2.c4 e6 3.Nc3 c5 4.d5 exd5 5.cxd5 d6 6.Nf3 g6 7.Bf4 Nh5 8.Bg5 f6
9.Bc1 a6 10.a4 Be7 11.e4 O-O 12.Be2 f5 13.e5 dxe5 14.Nxe5 Bd6 15.Nc4 Ng7
16.O-O Qc7 17.g3 Nd7 18.Nxd6 Qxd6 19.Bf4 Qf6 20.Qd2 Ne5 21.d6 Be6 22.Nd5 Bxd5
23.Qxd5+ Nf7 24.Bc4 g5 25.Be5 Qg6 26.f4 Kh8 27.d7 Nxe5 28.fxe5 f4 29.e6 Nf5
30.Bd3 Ne7 31.Bxg6 Nxd5 32.Be4 Ne7 33.Bxb7 Ra7 34.Bg2  1-0

[Event "Astana Open 2017"]
[Site "Astana KAZ"]
[Date "2017.07.27"]
[Round "7.9"]
[White "Bocharov,D"]
[Black "Kazakov,K"]
[Result "1-0"]
[WhiteElo "2576"]
[BlackElo "2356"]

1.d4 Nf6 2.c4 e6 3.Nf3 c5 4.d5 exd5 5.cxd5 d6 6.Nc3 g6 7.h3 Bg7 8.Bf4 O-O
9.e3 a6 10.a4 Qe7 11.Be2 Nbd7 12.O-O Ne8 13.Nd2 b6 14.e4 Ne5 15.Bg3 g5 16.Re1 Rb8
17.Nf1 Ng6 18.Bg4 Be5 19.Qe2 Bxg4 20.hxg4 b5 21.axb5 axb5 22.Bxe5 Qxe5 23.g3 b4
24.Nd1 Nf6 25.Nd2 Rfe8 26.Ne3 Nxe4 27.Nec4 Nc3 28.Qxe5 Nxe5 29.Nxe5 Rxe5
30.Rxe5 dxe5 31.bxc3 bxc3 32.Nf1 Kg7 33.Ne3 e4 34.Kg2 Kf6 35.Ra3  1-0

[Event "Travnik Open 2017"]
[Site "Travnik BIH"]
[Date "2017.07.27"]
[Round "2.6"]
[White "Salkic,Mahir"]
[Black "Sutkovic,D"]
[Result "0-1"]
[WhiteElo "2070"]
[BlackElo "2339"]

1.d4 Nf6 2.Nf3 c5 3.d5 e6 4.c4 exd5 5.cxd5 d6 6.Nc3 g6 7.Bg5 Bg7 8.e4 h6
9.Bh4 g5 10.Bg3 Nh5 11.Bb5+ Kf8 12.O-O a6 13.Qa4 Nxg3 14.hxg3 Nd7 15.Be2 h5
16.Rac1 h4 17.g4 Ne5 18.Nxe5 Bxe5 19.b4 Qf6 20.bxc5 Qf4  0-1

[Event "32nd Avoine Open 2017"]
[Site "Avoine FRA"]
[Date "2017.07.28"]
[Round "7.14"]
[White "Travadon,Loic"]
[Black "Rivalin,K"]
[Result "0-1"]
[WhiteElo "2371"]
[BlackElo "2074"]

1.d4 Nf6 2.c4 c5 3.d5 e6 4.Nc3 exd5 5.cxd5 d6 6.Nf3 g6 7.Bf4 a6 8.a4 Bg7
9.h3 O-O 10.e3 Qe7 11.Be2 Nbd7 12.O-O Ne8 13.Bh2 f5 14.Qc2 Ne5 15.Nd2 Rb8
16.a5 g5 17.f4 Ng6 18.Nc4 gxf4 19.exf4 Bd7 20.Rae1 Qf7 21.Kh1 Bb5 22.Nxb5 axb5
23.Na3 Qxd5 24.Nxb5 Qc6 25.Rd1 Kh8 26.Bc4 Rd8 27.Rfe1 d5 28.Bf1 Nf6 29.a6 Ne4
30.axb7 Qxb7 31.Nc3 Qc6 32.g3 Ne7 33.Bg2 Bd4 34.Nxe4 fxe4 35.g4 Rb8 36.b3 Qb6
37.f5 Qxb3 38.Qc1 Qb2 39.Qf4 Rb7 40.Qd6 Qb6 41.Qf4 Qf6 42.Rf1 h6 43.Bg3 Nc6
44.h4 Rg8 45.Bh3 Rb3 46.Rxd4  0-1

[Event "11th Portoroz Open 2017"]
[Site "Portoroz SLO"]
[Date "2017.07.28"]
[Round "8.6"]
[White "Titan,M"]
[Black "Mazi,L"]
[Result "1/2-1/2"]
[WhiteElo "2220"]
[BlackElo "2355"]

1.d4 Nf6 2.c4 c5 3.d5 e6 4.Nc3 exd5 5.cxd5 d6 6.Nf3 g6 7.Bf4 a6 8.a4 Bg7
9.h3 O-O 10.e3 Qe7 11.Be2 Nbd7 12.Bh2 Ne8 13.O-O f5 14.Nd2 Ne5 15.a5 Bd7
16.Rc1 Nc7 17.Na4 Bb5 18.Nb6 Rad8 19.Bxb5 Nxb5 20.Ndc4 Rfe8 21.f3 Qf7 22.Kh1 Re7
23.Qd2 Rde8 24.Rfd1 Bf6 25.Qf2 Qg7 26.g4 fxg4 27.hxg4 Rf7 28.Qg2 Qf8 29.Rf1 Qe7
30.Nd2 Bg7 31.Bxe5 Bxe5 32.Nbc4 Bg7 33.Qg3 Be5  1/2-1/2

[Event "TCh-TUR Super League 2017"]
[Site "Kocaeli TUR"]
[Date "2017.07.29"]
[Round "4.6"]
[White "Vorontsov,P"]
[Black "Yilmaz,M"]
[Result "1-0"]
[WhiteElo "2510"]
[BlackElo "2640"]

1.d4 Nf6 2.c4 e6 3.Nc3 c5 4.d5 exd5 5.cxd5 d6 6.Nf3 g6 7.Bf4 a6 8.e4 b5 9.Be2 Bg7
10.e5 dxe5 11.Nxe5 O-O 12.O-O b4 13.Na4 Bb7 14.d6 Ne4 15.Bf3 Bxe5 16.Bxe5 Nd7
17.Re1 f5 18.Bxe4 fxe4 19.Qb3+ Rf7 20.Bg3 Qa5 21.a3 Qb5 22.axb4 cxb4 23.Rac1 Bd5
24.Qd1 Raf8 25.h3 Qd3 26.Nc5 Nxc5 27.Rxc5 Bb3 28.Qc1 Rf5 29.Rxf5 Rxf5 30.Qc6 Bd5
31.Qe8+ Rf8 32.d7 Qb5 33.Qxf8+  1-0

[Event "13th Gazi-Heraklion Open"]
[Site "Gazi GRE"]
[Date "2017.07.30"]
[Round "3.1"]
[White "Kharitonov,Alexandr"]
[Black "Megalios,K"]
[Result "1-0"]
[WhiteElo "2558"]
[BlackElo "2254"]

1.d4 Nf6 2.c4 e6 3.Nf3 c5 4.d5 d6 5.Nc3 exd5 6.cxd5 g6 7.Bf4 a6 8.e4 b5 9.Be2 Bg7
10.e5 dxe5 11.Nxe5 b4 12.Na4 Nxd5 13.Bg3 O-O 14.O-O Ra7 15.Bf3 Be6 16.Nxc5 Qb6
17.Nxe6 fxe6 18.Bxd5 exd5 19.Qxd5+ Kh8 20.Rad1 Qb5 21.Qd6 a5 22.Rfe1 Ra6
23.Qe7 Nc6 24.Nxc6 Qxc6 25.Be5 Rg8 26.Rd7  1-0

[Event "Dutch Open 2017"]
[Site "Dieren NED"]
[Date "2017.07.31"]
[Round "6.5"]
[White "Ikonnikov,Vy"]
[Black "Butkiewicz,L"]
[Result "1/2-1/2"]
[WhiteElo "2538"]
[BlackElo "2455"]

1.d4 Nf6 2.Nf3 e6 3.c4 c5 4.d5 exd5 5.cxd5 d6 6.Nc3 g6 7.Nd2 Bg7 8.e4 O-O
9.Be2 a6 10.a4 Nbd7 11.h3 Rb8 12.O-O Ne8 13.Qc2 Nc7 14.a5 b5 15.axb6 Nxb6
16.Nb3 Nb5 17.Nxb5 axb5 18.Na5 Bd7 19.Bd2 Na4 20.Nc6 Bxc6 21.dxc6 Qc7 22.Bxb5 Rxb5
23.Qxa4 Qxc6 24.Bc3 Rfb8 25.Qc4 Bxc3 26.bxc3 Rb2 27.Rfd1 Qc7 28.Ra6 Rb1 29.Qd3 Qb7
30.Ra1 Rxa1 31.Rxa1 Qb2 32.Rd1 Rb6 33.h4 h5 34.Rd2 Qb1+ 35.Qxb1 Rxb1+ 36.Kh2 Rc1
37.Rxd6 Rxc3 38.Rc6 Kf8 39.Rc7 Kg7 40.e5 Kf8 41.f3 c4 42.Kg3 Rc2 43.Kf4 Rxg2
44.Rxc4 Re2 45.Rc8+ Kg7 46.Rc7 Re1 47.Rb7  1/2-1/2

[Event "118th US Open 2017"]
[Site "Norfolk USA"]
[Date "2017.08.01"]
[Round "4.4"]
[White "Lenderman,A"]
[Black "Watson,Jo"]
[Result "1-0"]
[WhiteElo "2585"]
[BlackElo "2247"]

1.d4 Nf6 2.c4 e6 3.Nf3 c5 4.d5 exd5 5.cxd5 d6 6.Nc3 g6 7.Bf4 Bg7 8.Qa4+ Bd7
9.Qb3 Qc7 10.e4 O-O 11.Nd2 Nh5 12.Be3 f5 13.exf5 Bxf5 14.Be2 Nf6 15.Bf4 Ne8
16.Bg5 h6 17.Be3 g5 18.g4 Bg6 19.h4 Qe7 20.hxg5 hxg5 21.Nf3 Rxf3 22.Bxf3 Nd7
23.Be2 a6 24.Qd1 Ne5 25.Qd2 b5 26.f3 Nc7 27.O-O-O b4 28.Ne4 Nxg4 29.Bxg5 Qf8
30.Rdg1 Ne5 31.Bh6 Ne8 32.Bxg7 Nxg7 33.Qh6 Kf7 34.Rxg6 Nxg6 35.Ng5+  1-0